Háy János Házasságon innen .és túl című novellás kötete /

Elmentve itt :
Bibliográfiai részletek
Szerző: Urbán Nóra
További közreműködők: Odorics Ferenc (Témavezető)
Dokumentumtípus: Szakdolgozat
Megjelent: 2010
Tárgyszavak:
Online Access:http://diploma.bibl.u-szeged.hu/138615
LEADER 00674nta a2200193 i 4500
001 dipl138615
005 20240409125405.0
008 240402s2010 hu om 0|| hun d
040 |a SZTE Diploma Repozitórium  |b hun 
041 |a hun 
100 1 |a Urbán Nóra 
245 1 0 |a Háy János  |h [elektronikus dokumentum] :  |b Házasságon innen .és túl című novellás kötete /  |c Nóra Urbán 
260 |c 2010 
650 4 |a Bölcsészettudományok 
650 4 |a Humanities 
650 4 |a Languages and Literature 
650 4 |a General literature studies 
700 0 1 |a Odorics Ferenc  |e ths 
856 4 0 |u https://diploma.bibl.u-szeged.hu/id/eprint/138615/1/2010_urban_nora.pdf  |z Dokumentum-elérés